000 01121nam a22003490a 4500
001 UByD000254
003 AR-LpoUNG
005 20240819151612.0
008 220324s2021||||ag |||||||||||||||||spa d
020 _a9789876305198
040 _aAR-LpoUNG
_bspa
_cAR-LpoUNG
_eaacr
041 _aspa
044 _aag
082 0 _a907 643sab
100 1 _aGonzález, María Paula
_ecomp.
245 1 0 _aSaberes y prácticas escolares en torno a la historia contemporánea y reciente :
_bdesafíos en el abordaje del pasado reciente en la Argentina II
250 _a1ra. ed.
260 _aBuenos Aires :
_bUniversidad Nacional de General Sarmiento,
_c2021.
300 _a198 p.
490 _aHumanidades ;
_vno. 47
650 4 _aHISTORIA CONTEMPORANEA
650 4 _aARGENTINA
650 4 _aHISTORIA NACIONAL
650 4 _aANALISIS HISTORICO
650 4 _aENSEÑANZA DE LA HISTORIA
650 4 _aEDUCACION
650 4 _aENSEÑANZA PRIMARIA
650 4 _aMEDIOS DE ENSEÑANZA
856 4 0 _uhttp://repositorio.ungs.edu.ar:8080/xmlui/handle/UNGS/844
_yTexto completo
905 _a26295
942 _cLIB
_2ddc
999 _c62977
_d62977